Gestión estratégica en el sector financiero: el modelo delta en el BCI (Registro nro. 20489)

MARC details
000 -CABECERA
campo de control de longitud fija 00645nam a2200205Ia 4500
008 - DATOS DE LONGITUD FIJA--INFORMACIÓN GENERAL
campo de control de longitud fija 260428s9999 xx 000 0 und d
020 ## - NÚMERO INTERNACIONAL ESTÁNDAR DEL LIBRO
Número Internacional Estándar del Libro 9789561421592
082 ## - NÚMERO DE LA CLASIFICACIÓN DECIMAL DEWEY
Número de clasificación 332.10688 H411g 2017
100 ## - ENTRADA PRINCIPAL--NOMBRE DE PERSONA
Nombre de persona Hax, Arnoldo
9 (RLIN) 4240
100 ## - ENTRADA PRINCIPAL--NOMBRE DE PERSONA
Nombre de persona Olavarría, Lionel
9 (RLIN) 35816
245 #0 - MENCIÓN DE TÍTULO
Título Gestión estratégica en el sector financiero: el modelo delta en el BCI
260 ## - PUBLICACIÓN, DISTRIBUCIÓN, ETC. (PIE DE IMPRENTA)
Nombre del editor, distribuidor, etc. Ediciones Universidad Católica de Chile
260 ## - PUBLICACIÓN, DISTRIBUCIÓN, ETC. (PIE DE IMPRENTA)
Lugar de publicación. Santiago, Chile
260 ## - PUBLICACIÓN, DISTRIBUCIÓN, ETC. (PIE DE IMPRENTA)
Fecha de publicación, distribución, etc. 2017
300 ## - DESCRIPCIÓN FÍSICA
Extensión 144p.
650 ## - PUNTO DE ACCESO ADICIONAL DE MATERIA--TÉRMINO DE MATERIA
Término de materia o nombre geográfico como elemento inicial Banco de Crédito e Inversiones (Chile)
9 (RLIN) 35817
650 ## - PUNTO DE ACCESO ADICIONAL DE MATERIA--TÉRMINO DE MATERIA
Término de materia o nombre geográfico como elemento inicial Bancos Chile
9 (RLIN) 35686
650 ## - PUNTO DE ACCESO ADICIONAL DE MATERIA--TÉRMINO DE MATERIA
Término de materia o nombre geográfico como elemento inicial Comercialización bancaria
9 (RLIN) 35818
942 ## - ELEMENTOS DE PUNTO DE ACCESO ADICIONAL (KOHA)
Tipo de ítem Koha Libro
Existencias
Estado de retiro Estado de pérdida Fuente del sistema de clasificación o colocación Estado dañado No para préstamo Código de colección Localización permanente Ubicación/localización actual Fecha de adquisición Fuente de adquisición Total de préstamos Signatura topográfica completa Código de barras Fecha visto por última vez Número de copia Precio válido a partir de Tipo de ítem Koha
          Colección General Biblioteca Central Biblioteca Central 06/04/2026 Compra   332.10688 H411g 2017 c.1 27378 30/04/2026 1 30/04/2026 Libro
Derechos Reservados © 2011 Universidad Miguel de Cervantes. Mac Iver 370. Santiago Centro, C.P. 8320170. Chile. / Teléfono: +56 (2) 2 927 34 00